[Event "North American-ch U20"]
[Site "Dulles"]
[Date "2023.12.23"]
[Round "9"]
[White "Xu, Daniel"]
[Black "Yip, Carissa"]
[Result "0-1"]
[WhiteElo "2255"]
[BlackElo "2399"]
[PlyCount "134"]
[EventDate "2023.12.19"]
[EventType "swiss"]
[EventRounds "9"]
[EventCountry "USA"]
[SourceTitle "CB52_2023"]
[SourceDate "2023.12.27"]
[SourceVersion "1"]
[SourceVersionDate "2023.12.27"]
[SourceQuality "1"]

1. e4 e5 2. Nf3 Nc6 3. Bb5 a6 4. Ba4 Nf6 5. 0-0 d6 6. Re1 Bd7 7. c3 g6 8. d4 Bg7 9. Nbd2 Nh5 10. Nf1 b5 11. Bc2 Bg4 12. h3 Bd7 13. Be3 0-0 14. Qd2 Re8 15. Rad1 Qc8 16. Ng3 Nxg3 17. fxg3 Na5 18. b3 Nc6 19. Rf1 a5 20. Qf2 Rf8 21. g4 b4 22. d5 Ne7 23. c4 Qe8 24. g5 Qb8 25. Qh4 c6 26. Nh2 cxd5 27. cxd5 Rc8 28. Bd3 Rc3 29. Ng4 Bxg4 30. hxg4 Nxd5 31. exd5 e4 32. Qf2 exd3 33. Qxf7+ Kh8 34. Qf4 Qg8 35. Bd4 Qxd5 36. Bxg7+ Kxg7 37. Rde1 Rc7 38. Re4 Rf7 39. Qxf7+ Qxf7 40. Rxf7+ Kxf7 41. Rd4 Ke6 42. Rxd3 d5 43. Kf2 Rc8 44. Re3+ Kd6 45. Re2 Rf8+ 46. Ke1 Rf4 47. Kd2 Rxg4 48. Kd3 Rxg5 49. Rf2 Rg3+ 50. Kd4 Rg4+ 51. Kd3 h5 52. Rf6+ Ke5 53. Ra6 Rg3+ 54. Ke2 Rxg2+ 55. Kf3 Rxa2 56. Rxg6 Ra3 57. Rg5+ Kd4 58. Rxh5 Rxb3+ 59. Ke2 Rb2+ 60. Kd1 a4 61. Rh4+ Kc5 62. Kc1 Rg2 63. Kb1 d4 64. Rh8 b3 65. Rc8+ Kb4 66. Rb8+ Ka3 67. Kc1 b2+ 0-1

[Event "USA-ch (Women)"]
[Site "Saint Louis"]
[Date "2023.10.07"]
[Round "3"]
[White "Lee, Alice"]
[Black "Yip, Carissa"]
[Result "0-1"]
[WhiteElo "2388"]
[BlackElo "2372"]
[PlyCount "82"]
[EventDate "2023.10.05"]
[EventType "tourn"]
[EventRounds "11"]
[EventCountry "USA"]
[EventCategory "3"]
[SourceTitle "EXT 2024"]
[Source "ChessBase"]
[SourceDate "2023.10.10"]
[SourceVersion "1"]
[SourceVersionDate "2023.10.10"]
[SourceQuality "1"]

1. d4 Nf6 2. c4 g6 3. Nc3 Bg7 4. e4 d6 5. Nf3 0-0 6. Be2 e5 7. 0-0 h6 8. d5 a5 9. Ne1 Na6 10. b3 Nc5 11. Qc2 b6 12. Bd2 Nfd7 13. Bg4 f5 14. exf5 Nf6 15. Bh3 gxf5 16. Qc1 Rf7 17. f3 Nh7 18. Bxh6 f4 19. Bxc8 Qxc8 20. Bxg7 Rxg7 21. Qc2 Qh3 22. Kh1 Qh5 23. Nd3 Nxd3 24. Qxd3 Ng5 25. Ne4 Nh7 26. a3 Rg6 27. Ra2 Kh8 28. Kg1 Rag8 29. g4 fxg3 30. hxg3 Rh6 31. Rg2 Rf8 32. Kf2 Nf6 33. Nxf6 Rhxf6 34. g4 Qh3 35. Rg3 Qh2+ 36. Ke3 Kg7 37. g5 Rf4 38. Rfg1 Rxf3+ 39. Rxf3 Qxg1+ 40. Kd2 Qg2+ 41. Qe2 Qxf3 0-1

[Event "USA-ch U20 Girls"]
[Site "Saint Louis"]
[Date "2023.07.17"]
[Round "3"]
[White "Yip, Carissa"]
[Black "Mou, Iris Zhaoying"]
[Result "1-0"]
[WhiteElo "2369"]
[BlackElo "2214"]
[PlyCount "73"]
[EventDate "2023.07.15"]
[EventType "tourn"]
[EventRounds "9"]
[EventCountry "USA"]
[SourceTitle "CBM 215 Extra"]
[Source "ChessBase"]
[SourceDate "2023.09.30"]
[SourceVersion "1"]
[SourceVersionDate "2023.09.30"]
[SourceQuality "1"]

1. e4 c6 2. d4 d5 3. e5 c5 4. Nf3 cxd4 5. Qxd4 Nc6 6. Qf4 e6 7. Nc3 Nb4 8. Qd2 a6 9. a3 Nc6 10. Bd3 Nge7 11. 0-0 Ng6 12. Re1 Be7 13. b4 0-0 14. Bb2 Qc7 15. Na4 Bd7 16. Nc5 Na7 17. Nxd7 Qxd7 18. Qe3 b5 19. h4 Rfc8 20. h5 Nf8 21. Nh2 a5 22. bxa5 Qd8 23. a6 Rc6 24. a4 b4 25. Ng4 h6 26. Qg3 Kh8 27. Qf4 Kg8 28. Nf6+ Bxf6 29. exf6 Nd7 30. fxg7 Qg5 31. Qxb4 Rb6 32. Bb5 Nc6 33. Qa3 Qxh5 34. Qd6 Ncb8 35. Qc7 Kh7 36. Qd8 Qg6 37. Qh8# 1-0

[Event "Charlotte Super op"]
[Site "Charlotte"]
[Date "2023.07.10"]
[Round "3"]
[White "Yip, Carissa"]
[Black "Quesada Perez, Yasser"]
[Result "0-1"]
[WhiteElo "2369"]
[BlackElo "2591"]
[PlyCount "68"]
[EventDate "2023.07.09"]
[EventType "swiss"]
[EventRounds "9"]
[EventCountry "USA"]
[SourceTitle "CBM 215 Extra"]
[Source "ChessBase"]
[SourceDate "2023.09.30"]
[SourceVersion "1"]
[SourceVersionDate "2023.09.30"]
[SourceQuality "1"]

1. e4 c5 2. Nf3 d6 3. d4 cxd4 4. Nxd4 Nf6 5. Nc3 Nc6 6. Bg5 e6 7. Qd2 a6 8. 0-0-0 Bd7 9. f4 b5 10. Bxf6 gxf6 11. Nxc6 Bxc6 12. f5 b4 13. Ne2 e5 14. Ng3 h5 15. Qe2 Bb5 16. Qf3 h4 17. Nh5 Ke7 18. Kb1 Bh6 19. Qg4 Qc7 20. Bd3 Rac8 21. Qe2 Bg5 22. g4 Rb8 23. h3 Rhc8 24. Rh2 Qc6 25. Rf2 a5 26. Rf3 a4 27. Bxb5 Qxb5 28. Qf2 Qc5 29. Qxc5 Rxc5 30. a3 Rc4 31. Re1 b3 32. Re2 Rd4 33. Re1 bxc2+ 34. Kxc2 Rd2+ 0-1

[Event "PRO League Prelim"]
[Site "Chess.com INT"]
[Date "2023.03.02"]
[Round "3.1"]
[White "Yip, Carissa"]
[Black "Carlsen, Magnus"]
[Result "0-1"]
[WhiteElo "2369"]
[BlackElo "2852"]
[PlyCount "116"]
[EventDate "2023.02.14"]
[EventType "team-swiss (rapid)"]
[EventRounds "5"]
[EventCountry "USA"]
[SourceTitle "CBM 213 Extra"]
[Source "ChessBase"]
[SourceDate "2023.05.31"]
[SourceVersion "1"]
[SourceVersionDate "2023.05.31"]
[SourceQuality "1"]
[WhiteTeam "Garden State Passers"]
[BlackTeam "Canada ChessBrahs"]
[WhiteTeamCountry "USA"]
[BlackTeamCountry "CAN"]

1. e4 e5 2. Nc3 Nc6 3. Bc4 Nf6 4. d3 Na5 5. Nge2 c6 6. 0-0 b5 7. Bb3 d6 8. f4 Be7 9. h3 0-0 10. Be3 b4 11. Nb1 Nxb3 12. axb3 exf4 13. Nxf4 d5 14. e5 Ne8 15. d4 f6 16. Nd3 a5 17. Nd2 Nc7 18. Qe2 Ba6 19. Qg4 Bxd3 20. cxd3 Qc8 21. Qg3 Ne6 22. Rfc1 f5 23. Qe1 g5 24. Nf3 Qd7 25. Qe2 Rf7 26. Qc2 Ra6 27. Rf1 h5 28. Qe2 Ra8 29. Nh2 Ng7 30. Nf3 f4 31. Bf2 g4 32. hxg4 hxg4 33. e6 Qxe6 34. Ne5 Bd6 35. Qxg4 Bxe5 36. Qxe6 Nxe6 37. dxe5 d4 38. Be1 c5 39. Bd2 Kg7 40. Rf2 Kg6 41. Raf1 Raf8 42. Ra1 Rf5 43. Rxa5 Rxe5 44. Bxb4 Rb8 45. Bd2 Rxb3 46. Bxf4 Re1+ 47. Kh2 Rxd3 48. Bd6 c4 49. Bb4 Re4 50. Ra6 Rh4+ 51. Kg1 Rd1+ 52. Rf1 Rh1+ 53. Kxh1 Rxf1+ 54. Kh2 Kf5 55. g4+ Ke5 56. Rc6 Rb1 57. Ba3 d3 58. Rd6 Nd4 0-1

[Event "PRO League Prelim"]
[Site "Chess.com INT"]
[Date "2023.03.02"]
[Round "3.3"]
[White "Yip, Carissa"]
[Black "Hansen, Eric"]
[Result "1/2-1/2"]
[WhiteElo "2369"]
[BlackElo "2609"]
[PlyCount "83"]
[EventDate "2023.02.14"]
[EventType "team-swiss (rapid)"]
[EventRounds "5"]
[EventCountry "USA"]
[SourceTitle "CBM 213 Extra"]
[Source "ChessBase"]
[SourceDate "2023.05.31"]
[SourceVersion "1"]
[SourceVersionDate "2023.05.31"]
[SourceQuality "1"]
[WhiteTeam "Garden State Passers"]
[BlackTeam "Canada ChessBrahs"]
[WhiteTeamCountry "USA"]
[BlackTeamCountry "CAN"]

1. e4 c5 2. Nf3 e6 3. d4 cxd4 4. Nxd4 a6 5. c4 Nf6 6. Nc3 Qc7 7. a3 b6 8. Bd3 Bb7 9. 0-0 Nc6 10. Nxc6 Bxc6 11. f4 h5 12. b4 a5 13. Rb1 axb4 14. axb4 d6 15. Bb2 Be7 16. h3 h4 17. Rc1 Qb8 18. Qe2 Nh5 19. Qg4 Bf6 20. e5 dxe5 21. Bg6 Kf8 22. Bxh5 exf4 23. Rce1 Qd6 24. b5 Bb7 25. Kh1 Qb4 26. Bxf7 Qxb2 27. Nd5 Bxd5 28. cxd5 Kxf7 29. Qxe6+ Kg6 30. Qg4+ Kh6 31. Qxf4+ Kg6 32. Qf5+ Kh6 33. Qf4+ Bg5 34. Re6+ g6 35. Rxg6+ Kxg6 36. Qf7+ Kh6 37. Qe6+ Kh5 38. Qg4+ Kh6 39. Qe6+ Kh5 40. Qg4+ Kg6 41. Qf5+ Kh5 42. Qg4+ 1/2-1/2

[Event "Chesterfield SPICE Cup op"]
[Site "Chesterfield"]
[Date "2022.12.20"]
[Round "5"]
[White "Yip, Carissa"]
[Black "Yanayt, Eugene"]
[Result "1-0"]
[WhiteElo "2385"]
[BlackElo "1957"]
[PlyCount "111"]
[EventDate "2022.12.18"]
[EventType "swiss"]
[EventRounds "9"]
[EventCountry "USA"]
[SourceTitle "CBM 212 Extra"]
[Source "ChessBase"]
[SourceDate "2023.03.31"]
[SourceVersion "1"]
[SourceVersionDate "2023.03.31"]
[SourceQuality "1"]

1. e4 c5 2. Nf3 d6 3. d4 cxd4 4. Nxd4 Nf6 5. Nc3 a6 6. Bg5 Nbd7 7. f4 h6 8. Bh4 Qb6 9. a3 e5 10. Nde2 exf4 11. Bf2 Qc6 12. Nxf4 Nxe4 13. Qe2 Ndf6 14. Nxe4 Qxe4 15. 0-0-0 Qxe2 16. Bxe2 Be6 17. Bf3 0-0-0 18. Rhe1 Bd7 19. Bd4 Bc6 20. Bxf6 Bxf3 21. Rd3 gxf6 22. Rxf3 d5 23. Nh5 Rg8 24. g3 Rg5 25. Nxf6 d4 26. Kd2 Rb5 27. Kc1 h5 28. Ref1 Rd6 29. Rf5 Bh6+ 30. Kb1 Rdb6 31. Rxb5 Rxb5 32. Ne4 Rd5 33. Rxf7 Kb8 34. Nf6 Rb5 35. a4 Ra5 36. Rh7 Be3 37. Rxh5 Rxa4 38. Nd5 Bg1 39. h3 Ka7 40. g4 Rc4 41. g5 Rc6 42. h4 Re6 43. Rh6 Re1+ 44. Ka2 Re2 45. Kb3 Rg2 46. Rf6 d3 47. cxd3 Bd4 48. Rf4 Bxb2 49. Ne3 Rh2 50. g6 Be5 51. Ng4 Rb2+ 52. Ka3 Bc3 53. d4 b5 54. g7 Kb6 55. g8Q Ka5 56. Qd8# 1-0

[Event "Chesterfield SPICE Cup op"]
[Site "Chesterfield"]
[Date "2022.12.19"]
[Round "3"]
[White "Yip, Carissa"]
[Black "Colas, Joshua"]
[Result "1/2-1/2"]
[WhiteElo "2385"]
[BlackElo "2228"]
[PlyCount "106"]
[EventDate "2022.12.18"]
[EventType "swiss"]
[EventRounds "9"]
[EventCountry "USA"]
[SourceTitle "CBM 212 Extra"]
[Source "ChessBase"]
[SourceDate "2023.03.31"]
[SourceVersion "1"]
[SourceVersionDate "2023.03.31"]
[SourceQuality "1"]

1. e4 c6 2. d4 d5 3. e5 Bf5 4. Nf3 e6 5. Be2 Ne7 6. 0-0 h6 7. Nbd2 g5 8. Nb3 Ng6 9. Ne1 Nf4 10. Bxf4 gxf4 11. Bd3 Qg5 12. Bxf5 Qxf5 13. Nd3 f3 14. Qxf3 Qxf3 15. gxf3 Nd7 16. f4 0-0-0 17. a4 h5 18. Kg2 Bh6 19. Kf3 Nf8 20. f5 exf5 21. Nf4 Bxf4 22. Kxf4 Ne6+ 23. Kxf5 Rdg8 24. Rg1 Kd8 25. h4 Ke7 26. c3 Rf8 27. Nc5 b6 28. Nd3 f6 29. Rg6 fxe5+ 30. Kxe5 Nd8 31. Re1 Rh7 32. Reg1 Rf3 33. Nf4 Rf7 34. Nxd5+ cxd5 35. Kxd5 Rxf2 36. b4 R2f4 37. Re1+ Kd7 38. Re5 Rxh4 39. a5 bxa5 40. bxa5 Rh7 41. Rd6+ Kc7 42. Re8 Rd7 43. Rxd7+ Kxd7 44. Rh8 Nc6 45. Rh7+ Ne7+ 46. Kc5 Rf4 47. d5 h4 48. c4 Re4 49. d6 Re5+ 50. Kd4 Kxd6 51. c5+ Ke6 52. Rh6+ Kf5 53. Rh5+ Kf6 1/2-1/2

[Event "Julius Baer Challenge CCT"]
[Site "chess24.com INT"]
[Date "2022.09.01"]
[Round "3"]
[White "Mendonca, Leon Luke"]
[Black "Yip, Carissa"]
[Result "1-0"]
[WhiteElo "2558"]
[BlackElo "2385"]
[PlyCount "93"]
[EventDate "2022.09.01"]
[EventType "tourn (rapid)"]
[EventRounds "15"]
[EventCountry "GER"]
[EventCategory "9"]
[SourceTitle "CBM 210 Extra"]
[Source "ChessBase"]
[SourceDate "2022.11.30"]
[SourceVersion "1"]
[SourceVersionDate "2022.11.30"]
[SourceQuality "1"]

1. d4 Nf6 2. Nf3 g6 3. Nc3 d5 4. Bf4 Bg7 5. e3 0-0 6. Nb5 Na6 7. h3 c6 8. Nc3 Re8 9. Bxa6 bxa6 10. 0-0 Nd7 11. Na4 e5 12. dxe5 Qa5 13. b3 Nxe5 14. Nxe5 Bxe5 15. Bxe5 Rxe5 16. Rc1 Rg5 17. Qf3 Bf5 18. Qf4 h6 19. Kh1 Re8 20. Rfd1 Re4 21. Qb8+ Kg7 22. c3 Rh4 23. Kh2 c5 24. f4 Rgh5 25. Rxd5 Be6 26. Rxh5 Rxh5 27. Rd1 c4 28. Rd8 cxb3 29. axb3 Bxb3 30. Rg8+ Kh7 31. Rh8+ Kg7 32. Qf8+ Kf6 33. Qd6+ Be6 34. Qd4+ Ke7 35. Qxa7+ Kf6 36. Qd4+ Ke7 37. Nb6 Bd5 38. Nxd5+ Qxd5 39. Qa7+ Kf6 40. Qxa6+ Kg7 41. Qa8 Rxh3+ 42. Kxh3 Qe6+ 43. Kh2 Qxe3 44. Rg8+ Kh7 45. Rh8+ Kg7 46. Qf8+ Kf6 47. Qxh6 1-0

[Event "Olympiad Women-44"]
[Site "Chennai"]
[Date "2022.08.02"]
[Round "5.3"]
[White "Yip, Carissa"]
[Black "Paredes Bustamante, Paula Elizabeth"]
[Result "0-1"]
[WhiteElo "2416"]
[BlackElo "2162"]
[PlyCount "122"]
[EventDate "2022.07.29"]
[EventType "team-swiss"]
[EventRounds "11"]
[EventCountry "IND"]
[SourceTitle "CBM 210"]
[Source "ChessBase"]
[SourceDate "2022.10.31"]
[SourceVersion "1"]
[SourceVersionDate "2022.10.31"]
[SourceQuality "1"]
[WhiteTeam "United States (W)"]
[BlackTeam "Peru (W)"]
[WhiteTeamCountry "USA"]
[BlackTeamCountry "PER"]

1. e4 e5 2. Nf3 Nc6 3. Bb5 Nf6 4. 0-0 Nxe4 5. d4 Nd6 6. dxe5 Nxb5 7. a4 d6 8. e6 Bxe6 9. axb5 Ne7 10. Nd4 g6 11. Re1 Qd7 12. Qf3 Bg7 13. Nxe6 fxe6 14. Nc3 d5 15. Bg5 Rf8 16. Qh3 h6 17. Bxe7 Kxe7 18. Rad1 Rf5 19. Ne4 Qxb5 20. c4 Qxc4 21. Rc1 Qd4 22. Ng3 Qxf2+ 23. Kh1 Rf6 24. Rf1 Qb6 25. Rxf6 Bxf6 26. Qxh6 Rh8 27. Qxg6 Qxb2 28. Re1 Rf8 29. Qf5 Be5 30. Qg4 Qd4 31. Qg6 Kd6 32. Nf1 Qh4 33. Ng3 Qf6 34. Qd3 Bxg3 35. Qxg3+ Qf4 36. Qa3+ c5 37. h3 Qb4 38. Qg3+ Qf4 39. Qg7 Qf7 40. Qa1 b6 41. Qe5+ Kc6 42. Qg5 Qf6 43. Qg4 Kd6 44. Qa4 Qg7 45. Qh4 e5 46. Ra1 e4 47. Rd1 e3 48. Re1 d4 49. Qe4 Qe5 50. Qb7 Qg3 51. Rg1 Rh8 52. Rb1 e2 53. Rxb6+ axb6 54. Qxb6+ Kd5 55. Qb7+ Kc4 56. Qa6+ Kc3 57. Qa3+ Kd2 58. Qb2+ Ke3 59. Qb3+ Kf2 60. Qf7+ Ke1 61. Qa2 Kf1 0-1

[Event "Speed Chess (Women)"]
[Site "Chess.com INT"]
[Date "2022.07.19"]
[Round "1.13"]
[White "Hou, Yifan"]
[Black "Yip, Carissa"]
[Result "1/2-1/2"]
[WhiteElo "2650"]
[BlackElo "2418"]
[PlyCount "81"]
[EventDate "2022.06.13"]
[EventType "k.o. (blitz)"]
[EventRounds "4"]
[EventCountry "USA"]
[SourceTitle "EXT 2023"]
[Source "ChessBase"]
[SourceDate "2022.10.05"]
[SourceVersion "1"]
[SourceVersionDate "2022.10.05"]
[SourceQuality "1"]

1. e4 e5 2. Nf3 Nc6 3. Bc4 Nf6 4. d3 h6 5. 0-0 d6 6. c3 g5 7. d4 g4 8. Nh4 Nxe4 9. f3 d5 10. Bb3 gxf3 11. Qxf3 Be6 12. Nf5 Qd7 13. Nd2 Nxd2 14. Bxd2 e4 15. Qh5 0-0-0 16. Ba4 Be7 17. Nxe7+ Qxe7 18. Bxc6 bxc6 19. Bf4 Rdg8 20. Rae1 Bg4 21. Qe5 Qxe5 22. Bxe5 Rh7 23. Rf6 Bh3 24. Re2 Be6 25. Re3 h5 26. Rg3 Rxg3 27. Bxg3 h4 28. Be5 h3 29. g3 Rh5 30. Kf2 Rf5+ 31. Rxf5 Bxf5 32. Ke3 Bg4 33. Kf4 f5 34. b4 Kb7 35. a4 Kb6 36. Ke3 a5 37. Kd2 Bf3 38. Bf4 Bg4 39. Be5 Bh5 40. Bf4 Bg4 41. Be5 1/2-1/2